Copa do Mundo - Time das Estrelas 1998 - Statistics

Estatísticas Gerais
  • Esse quiz foi jogado 70 vezes
  • A pontuação média é 12 de 18
Estatísticas das Respostas
Posição Seleção Jogador % Correto
Goleiro Brasil Cláudio Taffarel
96%
Ataque Brasil Ronaldo / Ronaldo Fenômeno
93%
Meio Campo França Zinedine Zidane
84%
Defesa Brasil Roberto Carlos
82%
Meio Campo Brasil Rivaldo
79%
Goleiro França Fabien Barthez
73%
Meio Campo Brasil Dunga
71%
Ataque Croácia Davor Šuker
70%
Defesa Holanda Frank de Boer
68%
Meio Campo Inglaterra David Beckham
63%
Defesa França Lilian Thuram
63%
Ataque Dinamarca Brian Laudrup
59%
Goleiro Paraguai José Luis Chilavert
59%
Meio Campo Dinamarca Michael Laudrup
59%
Ataque Holanda Dennis Bergkamp
54%
Defesa França Marcel Desailly
50%
Defesa Paraguai Carlos Gamarra
45%
Meio Campo Holanda Edgar Davids
32%
Nenhum quiz correspondente encontrado
Distribuição das Pontuações
Porcentagem de Pessoas com Cada Pontuação
Percentil de Números Respondidos
Sua Pontuação Histórica
Você não jogou esse quiz